| 000 | 00388cam a22001217a 4500 | ||
|---|---|---|---|
| 008 | 180718b xxu||||| |||| 00| 0 eng d | ||
| 082 | _aT19 Ec74/KARN | ||
| 245 |
_aEconomic survey, Karnataka _cby Planning Department Karnataka |
||
| 260 |
_aBangalore _bThe author _c |
||
| 500 | _aLibrary has 1987/88 | ||
| 650 | _aEconomic surveys - India - Karnataka | ||
| 700 | _aKarnataka, Planning Department | ||
| 999 |
_c483261 _d483261 |
||